The biblical foundations of the Doctrine of justification : (Record no. 24255)

MARC details
000 -LEADER
fixed length control field 02406cam a22004337a 4500
001 - CONTROL NUMBER
control field 17233703
003 - CONTROL NUMBER IDENTIFIER
control field AUA.1
005 - DATE AND TIME OF LATEST TRANSACTION
control field 20240227091123.0
008 - FIXED-LENGTH DATA ELEMENTS--GENERAL INFORMATION
fixed length control field 120330s2012 nyu b 001 0 eng d
010 ## - LIBRARY OF CONGRESS CONTROL NUMBER
LC control number 2012936577
020 ## - INTERNATIONAL STANDARD BOOK NUMBER
International Standard Book Number 9780809147731
020 ## - INTERNATIONAL STANDARD BOOK NUMBER
International Standard Book Number 0809147734
035 ## - SYSTEM CONTROL NUMBER
System control number (OCoLC)ocn810119581
040 ## - CATALOGING SOURCE
Original cataloging agency BTCTA
Language of cataloging eng
Transcribing agency BTCTA
Modifying agency XII
-- YDXCP
-- CDX
-- BWX
-- MR4
-- OCLCF
-- DLC
042 ## - AUTHENTICATION CODE
Authentication code lccopycat
050 00 - LIBRARY OF CONGRESS CALL NUMBER
Classification number BT764.3
Item number .B53 2012
082 04 - DEWEY DECIMAL CLASSIFICATION NUMBER
Classification number 234.7
Edition number 22
245 04 - TITLE STATEMENT
Title The biblical foundations of the Doctrine of justification :
Remainder of title an ecumenical follow-up to the Joint Declaration on the Doctrine of justification /
Statement of responsibility, etc presented by a task force of biblical scholars and systematic theologians from the Lutheran World Federation, the Pontifical Council for Promoting Chrisitan Unity, the World Communion of Reformed Churches, and the World Methodist Council.
260 ## - PUBLICATION, DISTRIBUTION, ETC. (IMPRINT)
Place of publication, distribution, etc New York :
Name of publisher, distributor, etc Paulist Press,
Date of publication, distribution, etc c2012.
300 ## - PHYSICAL DESCRIPTION
Extent xiv, 129 p. :
Dimensions 23 cm.
504 ## - BIBLIOGRAPHY, ETC. NOTE
Bibliography, etc Includes bibliographical references (p. 113-116) and index.
505 0# - FORMATTED CONTENTS NOTE
Formatted contents note Hermeneutical aspects -- Traditions of biblical interpretation -- The Old Testament -- The New Testament -- The Bible and the JDDJ, conclusion.
520 ## - SUMMARY, ETC.
Summary, etc "Investigates the biblical foundations of the doctrine of justification, an official document of the Catholic Church and the Lutheran World Foundation, and represents a new level of ecumenical relations since it expresses the official position of the churches involved"--Publisher's website.
610 20 - SUBJECT ADDED ENTRY--CORPORATE NAME
Corporate name or jurisdiction name as entry element Catholic Church
General subdivision Relations
-- Lutheran Church.
610 20 - SUBJECT ADDED ENTRY--CORPORATE NAME
Corporate name or jurisdiction name as entry element Catholic Church
General subdivision Relations
-- Protestant churches.
630 00 - SUBJECT ADDED ENTRY--UNIFORM TITLE
Uniform title Joint Declaration on the Doctrine of Justification.
650 #0 - SUBJECT ADDED ENTRY--TOPICAL TERM
Topical term or geographic name as entry element Justification (Christian theology)
General subdivision Biblical teaching.
650 #0 - SUBJECT ADDED ENTRY--TOPICAL TERM
Topical term or geographic name as entry element Lutheran Church
General subdivision Relations
-- Catholic Church.
650 #0 - SUBJECT ADDED ENTRY--TOPICAL TERM
Topical term or geographic name as entry element Protestant churches
General subdivision Relations
-- Catholic Church.
650 #0 - SUBJECT ADDED ENTRY--TOPICAL TERM
Topical term or geographic name as entry element Christian union
General subdivision Lutheran Church.
650 #0 - SUBJECT ADDED ENTRY--TOPICAL TERM
Topical term or geographic name as entry element Christian union
General subdivision Catholic Church.
710 2# - ADDED ENTRY--CORPORATE NAME
Corporate name or jurisdiction name as entry element Lutheran World Federation.
710 2# - ADDED ENTRY--CORPORATE NAME
Corporate name or jurisdiction name as entry element Catholic Church.
Subordinate unit Pontificium Consilium ad Christianorum Unitatem Fovendam.
710 2# - ADDED ENTRY--CORPORATE NAME
Corporate name or jurisdiction name as entry element World Communion of Reformed Churches.
710 2# - ADDED ENTRY--CORPORATE NAME
Corporate name or jurisdiction name as entry element World Methodist Council.
906 ## - LOCAL DATA ELEMENT F, LDF (RLIN)
a 7
b cbc
c copycat
d 2
e ncip
f 20
g y-gencatlg
942 ## - ADDED ENTRY ELEMENTS (KOHA)
Source of classification or shelving scheme Library of Congress Classification
Koha item type Books
Classification part BT 764.3
Item part .B53 2012
Holdings
Withdrawn status Lost status Source of classification or shelving scheme Damaged status Not for loan Collection code Home library Current library Shelving location Date acquired Source of acquisition Cost, normal purchase price Serial Enumeration / chronology Total Checkouts Full call number Barcode Date last seen Cost, replacement price Price effective from Koha item type
    Library of Congress Classification     Books Judith Thomas Library Judith Thomas Library General Stacks 27/02/2024 Donation, Theological Book Network 15.00 AUA26997   BT 764.3 .B53 2012 AUA26997 27/02/2024 15.00 27/02/2024 Books